|
|
|
|
| LEADER |
00961nam a2200241 a 4500 |
| 001 |
000075536 |
| 003 |
CZ BrMZK |
| 005 |
19960713143423.0 |
| 008 |
960710s1996 xr f cze d |
| 020 |
|
|
|a 80-7201-019-0
|
| 040 |
|
|
|a BOA001
|b cze
|
| 080 |
|
|
|a 347
|2 MRF
|
| 100 |
1 |
|
|a Bičovský, Jaroslav,
|d 1910-1996
|7 jk01012014
|4 aut
|
| 245 |
1 |
0 |
|a Občanský zákoník :
|b poznámkové vydání s judikaturou a novou literaturou (včetně věcného rejstříku) : podle právního stavu k 1.6. 1996 /
|c uspořádali a poznámkami k textu opatřili Jaroslav Bičovský, Milan Holub
|
| 250 |
|
|
|a 4. dopl. a aktualiz. vyd.
|
| 260 |
|
|
|a Praha :
|b Linde,
|c 1996
|
| 300 |
|
|
|a 703 s. ;
|c 21 cm
|
| 500 |
|
|
|a Bibliogr. - Rejstř.
|
| 653 |
0 |
|
|a občanský zákoník
|
| 700 |
1 |
|
|a Holub, Milan,
|d 1934-2004
|7 jk01041816
|4 aut
|
| 910 |
|
|
|a BOA001
|b TK-0259.257
|
| 990 |
|
|
|a BK
|
| 996 |
7 |
|
|b 2620004513
|c TK-0259.257
|l MZK
|r Sklad / do 24 hodin
|n 10
|p kup
|w 000075536
|u 000010
|a 1
|e BOA001
|j MZK50
|s A
|